Chaîne de mots-géographie - Statistiques

Statistiques générales
  • Ce quiz a été pris 124 fois
  • Le résultat moyen est 7 sur 15
Statistiques - réponses
Hint Réponse % Correct
Chef lieu de l’Hérault Montpellier
87%
Berceau de la démocratie Athènes
69%
Province redevenue française depuis 1918 Alsace
65%
Capitale du Kenya Nairobi
64%
Ville vosgienne Epinal
60%
Pizza et volcan Naples
54%
Département numéro 48 Lozère
52%
Jardin et fruit Eden
48%
Bande enclavée Gaza
48%
Il y fait froid Sibérie
36%
Capitale d’un pays qui n’est pas dans l’UE Oslo
32%
Au bord de la Manche en Bretagne Saint-Malo
32%
Catastrophe Ouragan
24%
Animal plat tropical Raie manta
19%
S’y trouve le palais d’Hollyrood Edimbourg
18%
Aucun quiz correspondant
Distribution des résultats
% des personnes avec chaque résultat
Percentile par nombre de réponses
Votre historique - résultats
Vous n’avez pas pris ce quiz